000 00565nam a22001817a 4500
999 _c189846
_d189846
005 20220713160434.0
010 _aENG-133583
020 _a9789381039229
_c1675.00
035 _aEN-117065
037 _bDBAD/PUB
082 _a664.8
100 _aPanda ,Himadri
245 _aFruits, Vegetables And Food Processing
_cHimadri Panda
260 _aNew Delhi
_bNiip Project Consultancy Services
270 _bNew Delhi
_a106-E Kamla Nagar
_e110007
_k8800733955
_mnpcs.india@gmail.com
300 _a637p.
_c21cm(pbk)
942 _2ddc
_cEN
_h664.8
_mPAN